[Event "Teplice Open 2019"]
[Site "Teplice"]
[Date "2019.06.20"]
[Round "6.33"]
[White "Riha, Vojtech"]
[Black "Kostolansky, Sebastian Lukas"]
[Result "0-1"]
[WhiteElo "2244"]
[BlackElo "2379"]
[Annotator "NA"]
[PlyCount "82"]
[EventDate "2019.06.15"]
[EventType "swiss"]
[EventCountry "CZE"]
[SourceTitle "playchess.com"]
[Source "ChessBase"]
[SourceQuality "1"]
[TimeControl "40/5400+30:1800+30"]

1. e4 {[%emt 0:00:00]} g6 {[%emt 0:00:00]} 2. d4 {[%emt 0:00:00]} Bg7 {[%emt 0:00:00]} 3. Nc3 {[%emt 0:00:00]} d6 {[%emt 0:00:00]} 4. f4 {[%emt 0:00:57]} Nf6 {[%emt 0:00:00]} 5. Nf3 {[%emt 0:00:27]} O-O {[%emt 0:00:07]} 6. Bd3 {[%emt 0:01:00]} Na6 {[%emt 0:12:12]} 7. O-O {[%emt 0:08:57]} c5 {[%emt 0:00:05]} 8. d5 {[%emt 0:02:26]} Bg4 {[%emt 0:00:15]} 9. h3 {[%emt 0:00:58]} Bxf3 {[%emt 0:00:07]} 10. Qxf3 {[%emt 0:00:05]} Nb4 {[%emt 0:00:17]} 11. Be3 {[%emt 0:10:00]} Rc8 {[%emt 0:10:05]} 12. Rf2 {[%emt 0:05:04]} Nxd3 {[%emt 0:01:30]} 13. cxd3 {[%emt 0:00:04]} Nd7 {[%emt 0:04:03]} 14. h4 {[%emt 0:02:59]} Qa5 {[%emt 0:07:57]} 15. h5 {[%emt 0:05:21]} Bxc3 {[%emt 0:16:42]} 16. bxc3 {[%emt 0:00:04]} Qxc3 {[%emt 0:00:18]} 17. Rd1 {[%emt 0:00:06]} c4 {[%emt 0:08:06]} 18. d4 {[%emt 0:13:18]} gxh5 {[%emt 0:12:34]} 19. e5 {[%emt 0:06:42]} Kh8 {[%emt 0:02:15]} 20. Qh3 {[%emt 0:08:20]} Nb6 {[%emt 0:08:22]} 21. exd6 {[%emt 0:02:56]} exd6 {[%emt 0:00:30]} 22. Rf3 {[%emt 0:00:16]} Qc2 {[%emt 0:01:38]} 23. Rc1 {[%emt 0:01:22]} Qe4 {[%emt 0:07:15]} 24. Bf2 {[%emt 0:15:47]} Nxd5 {[%emt 0:06:04]} 25. Qxh5 {[%emt 0:01:13]} Rg8 {[%emt 0:01:25]} 26. Re1 {[%emt 0:01:57]} Qg6 {[%emt 0:00:21]} 27. Qh3 {[%emt 0:05:27]} c3 {[%emt 0:00:23]} 28. f5 {[%emt 0:00:40]} Qg4 {[%emt 0:00:36]} 29. Qxg4 {[%emt 0:03:41]} Rxg4 {[%emt 0:00:05]} 30. Rc1 {[%emt 0:00:05]} b5 {[%emt 0:00:35]} 31. a3 {[%emt 0:00:20]} a5 {[%emt 0:00:15]} 32. Bg3 {[%emt 0:01:51]} b4 {[%emt 0:00:39]} 33. axb4 {[%emt 0:00:59]} axb4 {[%emt 0:00:06]} 34. Bxd6 {[%emt 0:00:12]} b3 {[%emt 0:00:09]} 35. Ba3 {[%emt 0:00:36]} Ra8 {[%emt 0:00:22]} 36. Ra1 {[%emt 0:01:17]} Rxd4 {[%emt 0:00:33]} 37. f6 {[%emt 0:01:03]} Rda4 {[%emt 0:01:37]} 38. Rd3 {[%emt 0:01:27]} Rxa3 {[%emt 0:00:22]} 39. Rxa3 {[%emt 0:00:09]} Rxa3 {[%emt 0:00:05]} 40. Rxd5 {[%emt 0:00:04]} h6 {[%emt 0:00:20]} 41. Rd8+ {[%emt 0:30:22]} Kh7 {[%emt 0:30:05]} 0-1

[Event "Teplice Open 2019"]
[Site "Teplice"]
[Date "2019.06.20"]
[Round "6.34"]
[White "Pajeken, Jakob Leon"]
[Black "Ehrke, Michael"]
[Result "1/2-1/2"]
[WhiteElo "2359"]
[BlackElo "2222"]
[Annotator "NA"]
[PlyCount "54"]
[EventDate "2019.06.15"]
[EventType "swiss"]
[EventCountry "CZE"]
[SourceTitle "playchess.com"]
[Source "ChessBase"]
[SourceQuality "1"]
[TimeControl "40/5400+30:1800+30"]

1. d4 {[%emt 0:00:00]} d5 {[%emt 0:00:00]} 2. c4 {[%emt 0:01:45]} e6 {[%emt 0:00:36]} 3. Nf3 {[%emt 0:00:22]} c5 {[%emt 0:00:36]} 4. e3 {[%emt 0:00:18]} Nf6 {[%emt 0:01:54]} 5. cxd5 {[%emt 0:00:15]} exd5 {[%emt 0:00:59]} 6. Bb5+ {[%emt 0:00:11]} Bd7 {[%emt 0:03:21]} 7. Bxd7+ {[%emt 0:00:10]} Nbxd7 {[%emt 0:03:14]} 8. O-O {[%emt 0:00:13]} Be7 {[%emt 0:01:39]} 9. Nc3 {[%emt 0:01:13]} b6 {[%emt 0:06:06]} 10. Ne5 {[%emt 0:06:54]} O-O {[%emt 0:17:14]} 11. Nc6 {[%emt 0:00:48]} Qe8 {[%emt 0:00:06]} 12. dxc5 {[%emt 0:01:48]} Bxc5 {[%emt 0:00:51]} 13. Nxd5 {[%emt 0:02:46]} Nxd5 {[%emt 0:00:32]} 14. Qxd5 {[%emt 0:00:11]} Nf6 {[%emt 0:05:31]} 15. Qf3 {[%emt 0:01:52]} Rc8 {[%emt 0:00:48]} 16. Nd4 {[%emt 0:00:59]} Qe5 {[%emt 0:03:29]} 17. Nf5 {[%emt 0:11:25]} Rfd8 {[%emt 0:06:32]} 18. Rb1 {[%emt 0:02:50]} Qe6 {[%emt 0:05:28]} 19. b4 {[%emt 0:02:56]} Bf8 {[%emt 0:02:44]} 20. Bb2 {[%emt 0:00:49]} Ne4 {[%emt 0:08:32]} 21. Nd4 {[%emt 0:08:31]} Qg6 {[%emt 0:02:24]} 22. Rbd1 {[%emt 0:09:04]} Bxb4 {[%emt 0:04:14]} 23. Nf5 {[%emt 0:00:50]} Ng5 {[%emt 0:06:05]} 24. Qg4 {[%emt 0:00:26]} Ne6 {[%emt 0:05:38]} 25. Qf3 {[%emt 0:01:57]} Ng5 {[%emt 0:02:01]} 26. Qg4 {[%emt 0:00:15]} Ne6 {[%emt 0:00:12]} 27. Qf3 {[%emt 0:00:47]} Ng5 {[%emt 0:02:09]} 1/2-1/2

[Event "Teplice Open 2019"]
[Site "Teplice"]
[Date "2019.06.20"]
[Round "6.35"]
[White "Lorscheid, Gerhard"]
[Black "Krishna, Teja N."]
[Result "0-1"]
[WhiteElo "2214"]
[BlackElo "2357"]
[Annotator "NA"]
[PlyCount "56"]
[EventDate "2019.06.15"]
[EventType "swiss"]
[EventCountry "CZE"]
[SourceTitle "playchess.com"]
[Source "ChessBase"]
[SourceQuality "1"]
[TimeControl "40/5400+30:1800+30"]

1. d4 {[%emt 0:00:33]} Nf6 {[%emt 0:01:07]} 2. Bf4 {[%emt 0:00:41]} d5 {[%emt 0:02:28]} 3. e3 {[%emt 0:00:09]} c5 {[%emt 0:00:02]} 4. dxc5 {[%emt 0:00:22]} Nc6 {[%emt 0:01:28]} 5. Nf3 {[%emt 0:00:08]} Bg4 {[%emt 0:01:22]} 6. Be2 {[%emt 0:05:02]} e6 {[%emt 0:03:01]} 7. O-O {[%emt 0:00:27]} Bxc5 {[%emt 0:00:09]} 8. a3 {[%emt 0:00:41]} O-O {[%emt 0:01:16]} 9. Nbd2 {[%emt 0:01:13]} Rc8 {[%emt 0:04:02]} 10. h3 {[%emt 0:03:20]} Bh5 {[%emt 0:02:29]} 11. c4 {[%emt 0:05:21]} Qe7 {[%emt 0:04:55]} 12. Ne5 {[%emt 0:06:45]} Bg6 {[%emt 0:05:49]} 13. Rc1 {[%emt 0:06:58]} Rfd8 {[%emt 0:03:36]} 14. b4 {[%emt 0:11:16]} Bd6 {[%emt 0:02:00]} 15. Nxg6 {[%emt 0:00:07]} hxg6 {[%emt 0:00:05]} 16. Bxd6 {[%emt 0:01:27]} Qxd6 {[%emt 0:00:15]} 17. c5 {[%emt 0:09:31]} Qe7 {[%emt 0:00:57]} 18. b5 {[%emt 0:08:35]} Nb8 {[%emt 0:02:55]} 19. Qa4 {[%emt 0:00:39]} a6 {[%emt 0:00:24]} 20. bxa6 {[%emt 0:01:18]} Nxa6 {[%emt 0:00:08]} 21. Bxa6 {[%emt 0:10:34]} Ra8 {[%emt 0:00:17]} 22. Qb4 {[%emt 0:00:17]} Rxa6 {[%emt 0:00:28]} 23. Rb1 {[%emt 0:00:30]} Rda8 {[%emt 0:03:02]} 24. Rfc1 {[%emt 0:03:22]} R8a7 {[%emt 0:01:54]} 25. Rc3 {[%emt 0:02:30]} Nd7 {[%emt 0:04:08]} 26. c6 {[%emt 0:01:06]} Qxb4 {[%emt 0:00:24]} 27. cxd7 {[%emt 0:02:24]} Qf8 {[%emt 0:00:10]} 28. Rc8 {[%emt 0:04:07]} Rd6 {[%emt 0:00:05]} 0-1

[Event "Teplice Open 2019"]
[Site "Teplice"]
[Date "2019.06.20"]
[Round "6.36"]
[White "Risting, Eivind Olav"]
[Black "Mitscherling, Andreas"]
[Result "1-0"]
[WhiteElo "2357"]
[BlackElo "2175"]
[Annotator "NA"]
[PlyCount "95"]
[EventDate "2019.06.15"]
[EventType "swiss"]
[EventCountry "CZE"]
[SourceTitle "playchess.com"]
[Source "ChessBase"]
[SourceQuality "1"]
[TimeControl "40/5400+30:1800+30"]

1. d4 {[%emt 0:00:00]} d5 {[%emt 0:00:00]} 2. c4 {[%emt 0:00:00]} dxc4 {[%emt 0:00:00]} 3. e4 {[%emt 0:00:03]} e5 {[%emt 0:00:02]} 4. Nf3 {[%emt 0:00:21]} exd4 {[%emt 0:00:09]} 5. Bxc4 {[%emt 0:00:25]} Nc6 {[%emt 0:02:15]} 6. O-O {[%emt 0:00:43]} Qf6 {[%emt 0:04:43]} 7. e5 {[%emt 0:17:16]} Qg6 {[%emt 0:00:05]} 8. Ng5 {[%emt 0:03:24]} Be6 {[%emt 0:03:26]} 9. Bxe6 {[%emt 0:12:28]} fxe6 {[%emt 0:00:09]} 10. Qb3 {[%emt 0:00:03]} O-O-O {[%emt 0:01:07]} 11. Nxe6 {[%emt 0:03:07]} Re8 {[%emt 0:00:49]} 12. Nxf8 {[%emt 0:00:56]} Rxf8 {[%emt 0:00:02]} 13. f4 {[%emt 0:00:53]} Nge7 {[%emt 0:00:09]} 14. Nd2 {[%emt 0:00:44]} Rd8 {[%emt 0:07:44]} 15. Nf3 {[%emt 0:05:40]} h6 {[%emt 0:07:29]} 16. Bd2 {[%emt 0:04:31]} Nf5 {[%emt 0:00:07]} 17. Qd3 {[%emt 0:01:34]} Rhf8 {[%emt 0:02:26]} 18. Rae1 {[%emt 0:05:21]} Nh4 {[%emt 0:14:16]} 19. Qxg6 {[%emt 0:01:52]} Nxg6 {[%emt 0:00:02]} 20. Re4 {[%emt 0:00:19]} Rd5 {[%emt 0:05:10]} 21. g4 {[%emt 0:01:06]} h5 {[%emt 0:02:39]} 22. h3 {[%emt 0:01:13]} Rh8 {[%emt 0:00:28]} 23. Kg2 {[%emt 0:03:27]} d3 {[%emt 0:00:32]} 24. Kg3 {[%emt 0:04:18]} Re8 {[%emt 0:04:30]} 25. Rc1 {[%emt 0:05:27]} Red8 {[%emt 0:05:33]} 26. Bc3 {[%emt 0:03:58]} Rc5 {[%emt 0:04:48]} 27. Rd1 {[%emt 0:01:00]} b5 {[%emt 0:01:11]} 28. e6 {[%emt 0:01:53]} hxg4 {[%emt 0:04:31]} 29. hxg4 {[%emt 0:00:07]} Rc4 {[%emt 0:12:17]} 30. Rxc4 {[%emt 0:00:41]} bxc4 {[%emt 0:00:02]} 31. Bxg7 {[%emt 0:04:02]} Rg8 {[%emt 0:00:30]} 32. Bc3 {[%emt 0:03:02]} Nge7 {[%emt 0:00:22]} 33. g5 {[%emt 0:03:57]} Nf5+ {[%emt 0:00:15]} 34. Kf2 {[%emt 0:00:06]} Nce7 {[%emt 0:01:14]} 35. Re1 {[%emt 0:01:28]} Ng6 {[%emt 0:01:21]} 36. Re4 {[%emt 0:02:21]} Nd6 {[%emt 0:00:06]} 37. Rd4 {[%emt 0:01:35]} Re8 {[%emt 0:00:18]} 38. Rxd6 {[%emt 0:01:26]} cxd6 {[%emt 0:00:22]} 39. f5 {[%emt 0:00:06]} Nf4 {[%emt 0:00:10]} 40. g6 {[%emt 0:01:09]} Nxg6 {[%emt 0:01:25]} 41. fxg6 {[%emt 0:30:08]} Rxe6 {[%emt 0:30:04]} 42. g7 {[%emt 0:00:21]} Rg6 {[%emt 0:01:00]} 43. Nh4 {[%emt 0:02:16]} Rg5 {[%emt 0:00:22]} 44. Bf6 {[%emt 0:02:26]} Rg4 {[%emt 0:00:16]} 45. Nf5 {[%emt 0:00:51]} Kd7 {[%emt 0:00:12]} 46. Nh6 {[%emt 0:00:58]} d2 {[%emt 0:01:07]} 47. Ke2 {[%emt 0:00:27]} Rg2+ {[%emt 0:00:09]} 48. Kd1 {[%emt 0:00:04]} 1-0

[Event "Teplice Open 2019"]
[Site "Teplice"]
[Date "2019.06.20"]
[Round "6.37"]
[White "Schmidt, Tommy B."]
[Black "Eden, James"]
[Result "0-1"]
[WhiteElo "2205"]
[BlackElo "2346"]
[Annotator "NA"]
[PlyCount "80"]
[EventDate "2019.06.15"]
[EventType "swiss"]
[EventCountry "CZE"]
[SourceTitle "playchess.com"]
[Source "ChessBase"]
[SourceQuality "1"]
[TimeControl "40/5400+30:1800+30"]

1. Nf3 {[%emt 0:00:00]} Nf6 {[%emt 0:00:01]} 2. c4 {[%emt 0:00:00]} c6 {[%emt 0:00:31]} 3. g3 {[%emt 0:00:04]} d5 {[%emt 0:00:46]} 4. Bg2 {[%emt 0:00:17]} dxc4 {[%emt 0:01:08]} 5. O-O {[%emt 0:00:54]} e6 {[%emt 0:01:47]} 6. Qc2 {[%emt 0:00:10]} b5 {[%emt 0:01:11]} 7. a4 {[%emt 0:00:44]} Bb7 {[%emt 0:01:23]} 8. b3 {[%emt 0:03:04]} cxb3 {[%emt 0:02:42]} 9. Qxb3 {[%emt 0:00:05]} b4 {[%emt 0:02:03]} 10. d4 {[%emt 0:09:52]} a5 {[%emt 0:01:55]} 11. Ne5 {[%emt 0:14:19]} Nbd7 {[%emt 0:15:10]} 12. Nxc6 {[%emt 0:26:43]} Qb6 {[%emt 0:00:53]} 13. Be3 {[%emt 0:12:47]} Nd5 {[%emt 0:02:20]} 14. Bxd5 {[%emt 0:04:42]} exd5 {[%emt 0:00:32]} 15. Ne5 {[%emt 0:02:58]} Nxe5 {[%emt 0:01:06]} 16. dxe5 {[%emt 0:00:04]} d4 {[%emt 0:02:34]} 17. Bf4 {[%emt 0:02:13]} Rc8 {[%emt 0:02:36]} 18. Nd2 {[%emt 0:00:55]} Rc3 {[%emt 0:00:32]} 19. Qb1 {[%emt 0:00:17]} Bc5 {[%emt 0:09:58]} 20. Ne4 {[%emt 0:01:39]} Qc6 {[%emt 0:00:43]} 21. f3 {[%emt 0:00:17]} O-O {[%emt 0:02:26]} 22. Kg2 {[%emt 0:08:25]} h6 {[%emt 0:03:16]} 23. h4 {[%emt 0:00:10]} Be7 {[%emt 0:00:56]} 24. g4 {[%emt 0:02:16]} Qg6 {[%emt 0:01:21]} 25. h5 {[%emt 0:01:49]} Bxe4 {[%emt 0:00:58]} 26. hxg6 {[%emt 0:00:14]} Bxb1 {[%emt 0:00:06]} 27. Raxb1 {[%emt 0:02:12]} fxg6 {[%emt 0:00:31]} 28. Bg3 {[%emt 0:01:19]} Rc2 {[%emt 0:00:29]} 29. f4 {[%emt 0:04:58]} Rxe2+ {[%emt 0:01:04]} 30. Rf2 {[%emt 0:00:19]} Rxf2+ {[%emt 0:00:20]} 31. Kxf2 {[%emt 0:00:13]} Bg5 {[%emt 0:00:17]} 32. Kf3 {[%emt 0:00:00]} Bxf4 {[%emt 0:00:18]} 33. Bxf4 {[%emt 0:00:00]} g5 {[%emt 0:00:07]} 34. Ke4 {[%emt 0:00:00]} Rxf4+ {[%emt 0:01:17]} 35. Kd5 {[%emt 0:00:00]} d3 {[%emt 0:00:53]} 36. e6 {[%emt 0:01:49]} Kf8 {[%emt 0:01:49]} 37. Rd1 {[%emt 0:00:45]} b3 {[%emt 0:00:42]} 38. Rxd3 {[%emt 0:01:24]} b2 {[%emt 0:00:07]} 39. Rb3 {[%emt 0:00:05]} Rb4 {[%emt 0:00:19]} 40. Rf3+ {[%emt 0:00:05]} Ke8 {[%emt 0:00:22]} 0-1

[Event "Teplice Open 2019"]
[Site "Teplice"]
[Date "2019.06.21"]
[Round "7.1"]
[White "Romanov, Evgeny"]
[Black "Movsesian, Sergei"]
[Result "1/2-1/2"]
[WhiteElo "2577"]
[BlackElo "2639"]
[Annotator "ChessBase"]
[PlyCount "61"]
[EventDate "2019.06.15"]
[EventType "swiss"]
[EventCountry "CZE"]
[SourceTitle "playchess.com"]
[Source "ChessBase"]
[SourceQuality "1"]
[TimeControl "40/5400+30:1800+30"]

1. d4 {[%emt 0:01:36]} Nf6 {[%emt 0:00:00]} 2. c4 {[%emt 0:00:13]} e6 {[%emt 0:00:06]} 3. Nf3 {[%emt 0:00:17]} d5 {[%emt 0:00:20]} 4. Nc3 {[%emt 0:00:15]} Bb4 {[%emt 0:00:42]} 5. cxd5 {[%emt 0:00:22]} exd5 {[%emt 0:00:11]} 6. Qa4+ {[%emt 0:00:09]} Nc6 {[%emt 0:00:06]} 7. Bg5 {[%emt 0:00:07]} h6 {[%emt 0:03:43]} 8. Bxf6 {[%emt 0:00:11]} Qxf6 {[%emt 0:00:04]} 9. Rc1 {[%emt 0:00:11]} O-O {[%emt 0:01:27]} 10. e3 {[%emt 0:00:08]} Bxc3+ {[%emt 0:08:38]} 11. Rxc3 {[%emt 0:01:09]} Ne7 {[%emt 0:00:25]} 12. Be2 {[%emt 0:06:24]} c6 {[%emt 0:03:00]} 13. b4 {[%emt 0:02:49]} a6 {[%emt 0:03:01]} 14. O-O {[%emt 0:04:15]} Bg4 {[%emt 0:02:15]} 15. h3 {[%emt 0:11:16]} Bxf3 {[%emt 0:02:35]} 16. Bxf3 {[%emt 0:00:08]} Nf5 {[%emt 0:00:30]} 17. Qc2 {[%emt 0:04:43]} Nd6 {[%emt 0:01:53]} 18. a4 {[%emt 0:00:43]} Rfe8 {[%emt 0:03:58]} 19. Rc5 {[%emt 0:05:48]} Nc4 {[%emt 0:07:53]} 20. b5 {[%emt 0:02:02]} axb5 {[%emt 0:00:17]} 21. axb5 {[%emt 0:00:08]} Na3 {[%emt 0:00:54]} 22. Qb2 {[%emt 0:03:58]} Nxb5 {[%emt 0:00:37]} 23. Bxd5 {[%emt 0:00:25]} Nxd4 {[%emt 0:00:22]} 24. exd4 {[%emt 0:01:17]} cxd5 {[%emt 0:00:04]} 25. Rxd5 {[%emt 0:05:42]} Rad8 {[%emt 0:01:20]} 26. Qxb7 {[%emt 0:01:53]} Rxd5 {[%emt 0:00:07]} 27. Qxd5 {[%emt 0:00:04]} Rd8 {[%emt 0:00:05]} 28. Qe5 {[%emt 0:00:12]} Rxd4 {[%emt 0:00:07]} 29. Qxf6 {[%emt 0:00:14]} gxf6 {[%emt 0:00:03]} 30. g3 {[%emt 0:00:08]} Kg7 {[%emt 0:00:02]} 31. Kg2 {[%emt 0:00:06]} 1/2-1/2

[Event "Teplice Open 2019"]
[Site "Teplice"]
[Date "2019.06.21"]
[Round "7.2"]
[White "Nisipeanu, Liviu-Dieter"]
[Black "Vorobiov, Evgeny E."]
[Result "1-0"]
[WhiteElo "2667"]
[BlackElo "2556"]
[Annotator "TA"]
[PlyCount "179"]
[EventDate "2019.06.15"]
[EventType "swiss"]
[EventCountry "CZE"]
[SourceTitle "playchess.com"]
[Source "ChessBase"]
[SourceQuality "1"]

{[%evp 9,179,9,7,9,15,10,0,0,1,0,22,15,15,12,13,13,8,13,13,10,31,18,39,22,26,27,23,37,45,36,31,25,34,0,37,0,34,0,41,0,60,31,60,31,46,16,16,15,23,19,18,16,43,43,49,49,51,51,49,48,119,105,105,105,105,105,105,105,105,105,105,105,105,105,105,105,105,105,105,105,105,105,105,105,105,105,105,105,105,105,105,105,105,105,105,105,105,105,127,127,222,223,216,201,202,139,143,120,134,120,129,122,129,76,87,72,190,145,148,130,113,113,177,183,691,0,72,0,652,514,582,585,497,453,726,493,1577,1314,1762,1555,1867,1735,1610,1550,1732,1670,1596,1469,1381,694,29963,4634,29963,29964,29964,29972,29972,29974,29973,29975,29975,29976,29977,29978,29978,29979,29979,29980,29980,29981,29982,-29987]} 1. d4 d5 2. Bf4 c5 3. e3 Nc6 4. Nf3 (4. c3 cxd4 5. exd4 Nf6 6. Bd3 Bg4 7. Qb3 Qc8 8. Nd2 e6 9. Ngf3 Bh5 10. O-O Be7 11. Rae1 a6 12. Qc2 Bg6 13. Ne5 Nxd4 14. Qa4+ Nc6 15. Nxg6 hxg6 16. Nf3 b5 17. Qd1 Qd7 18. a4 bxa4 19. Qxa4 {1-0 (84) Nakamura,H (2780)-Topalov,V (2749) Saint Louis 2017}) 4... Bg4 5. c3 e6 6. Nbd2 {D00: 1 d4 d5: Unusual lines} Bd6 (6... Nf6 {seems wilder.} 7. Qb3 Qc8 8. Bb5 Nd7 9. h3 Bh5) 7. Bxd6 Qxd6 8. Qa4 {The position is equal.} Bxf3 9. Nxf3 cxd4 $146 ({Predecessor:} 9... Nf6 10. Bb5 O-O 11. Bxc6 bxc6 {½-½ (30) Wiesner,M (2323)-Kastner,W (2222) ICCF email 2011}) 10. exd4 Nf6 11. Bd3 O-O 12. O-O a6 13. Qc2 b5 14. a3 g6 15. Rfe1 Nd7 16. h4 Rfe8 17. Qd2 Na5 {Threatening ...Nb3.} 18. Qh6 Nc4 19. Re2 Qf8 20. Qf4 Qd6 21. Qh6 Qf8 22. Qf4 Qd6 23. Qc1 Rac8 24. h5 Kg7 (24... e5 $11) 25. Qg5 Qe7 26. h6+ Kg8 27. Qxe7 Rxe7 28. a4 Nf6 29. axb5 axb5 30. Ra6 {aiming for b3.} Ne8 31. g4 Rb7 32. g5 Kf8 33. Bxc4 bxc4 34. Ne5 Rcc7 (34... Nc7 $14 35. Ra2 Nb5) 35. Ra8 Ra7 36. Rb8 Rab7 37. Rd8 $1 Ra7 38. Re3 Rcb7 39. Rf3 {Nxg6+! is the strong threat.} Re7 40. Kg2 Rab7 41. Rf4 Rbc7 42. Kf3 Rb7 43. Ke3 Rbc7 44. Kd2 Rb7 45. Kc2 Rbc7 46. b4 cxb3+ 47. Kxb3 Rb7+ 48. Kc2 Rbc7 49. Rf3 Rb7 50. Kd3 Rbc7 51. Ke2 Rb7 52. Kf1 Rbc7 53. Kg1 Rb7 54. Kg2 Rbc7 (54... Ra7 $16 55. Kg3 Rac7) 55. c4 $1 $18 {[%cal Rc4c5]} dxc4 {Threatens to win with ...c3.} 56. Rc3 Rb7 57. Rxc4 {Hoping for Rcc8.} Rec7 58. Rc5 Ra7 59. f4 Rab7 60. Kf3 Ke7 61. Ra8 Rb3+ 62. Ke2 Rc3 (62... Rb2+ $16 63. Kf3 Rcb7) 63. Rxc3 Rxc3 {[%mdl 4096] Endgame KRN-KRN} 64. Kd2 Rc7 65. Kd3 Rb7 (65... Kf8 $16) 66. Nc6+ $1 Kd7 $2 (66... Kf8 67. Ke4 Rc7) 67. Ne5+ $2 (67. Rd8+ $1 $18 {and the rest is easy.} Kxc6 68. Rxe8) 67... Ke7 $16 68. Nc6+ $2 {[%mdl 8192]} (68. Kc3 $16) 68... Kd7 $1 $18 69. Rd8+ $1 Kxc6 70. Rxe8 {KR-KR} Kd6 71. Rh8 Ke7 (71... Rb3+ $142 72. Ke2 Rb2+ 73. Kf3 Rb3+ 74. Kg2 Ke7) 72. Rxh7 Rb8 (72... Rb3+ $142 73. Ke4 Rb1) 73. d5 Rd8 74. Ke3 Rxd5 75. Rh8 Rd1 76. Ra8 Rh1 77. Ra7+ Kf8 78. Ke4 Re1+ {[#]} 79. Kf3 $1 {Strongly threatening Ra8+.} Rh1 {If Black can now play ...Rh2 this consolidates a bit.} 80. Kg2 Rh5 81. Ra8+ {White mates.} Ke7 82. Ra3 Kf8 83. Rh3 Kg8 84. Rxh5 gxh5 {K3P-K3P} 85. Kf3 Kh7 86. Ke4 Kg6 87. Ke5 h4 {[#]} 88. Ke4 $1 {[%cal Re4e3]} f6 89. Kf3 h3 90. Ke4 $4 {[%mdl 40960] Accuracy: White = 80%, Black = 60%. . Sensor Board Error (Ke4/e5)?} (90. Kg3 Kh7 91. Kxh3 Kg6 92. Kg4 Kh7 93. Kh5 (93. gxf6 Kxh6 94. Kg3 Kg6 $11) 93... fxg5 94. fxg5 Kg8 95. g6) 1-0

[Event "Teplice Open 2019"]
[Site "Teplice"]
[Date "2019.06.21"]
[Round "7.3"]
[White "Santos Latasa, Jaime"]
[Black "Epishin, Vladimir"]
[Result "1-0"]
[WhiteElo "2588"]
[BlackElo "2564"]
[Annotator "ChessBase"]
[PlyCount "109"]
[EventDate "2019.06.15"]
[EventType "swiss"]
[EventCountry "CZE"]
[SourceTitle "playchess.com"]
[Source "ChessBase"]
[SourceQuality "1"]
[TimeControl "40/5400+30:1800+30"]

1. e4 {[%emt 0:00:00]} d5 {[%emt 0:00:35]} 2. exd5 {[%emt 0:00:00]} Qxd5 {[%emt 0:00:07]} 3. Nc3 {[%emt 0:00:00]} Qd6 {[%emt 0:00:04]} 4. d4 {[%emt 0:00:00]} Nf6 {[%emt 0:00:21]} 5. Nf3 {[%emt 0:00:03]} g6 {[%emt 0:00:12]} 6. Nb5 {[%emt 0:00:39]} Qd8 {[%emt 0:00:07]} 7. Bf4 {[%emt 0:00:48]} Nd5 {[%emt 0:00:47]} 8. Be5 {[%emt 0:01:00]} f6 {[%emt 0:00:06]} 9. Bg3 {[%emt 0:01:07]} c6 {[%emt 0:00:07]} 10. Na3 {[%emt 0:08:06]} Bh6 {[%emt 0:00:34]} 11. c3 {[%emt 0:00:55]} O-O {[%emt 0:03:37]} 12. Bd3 {[%emt 0:02:53]} Be6 {[%emt 0:00:50]} 13. O-O {[%emt 0:02:13]} Bf7 {[%emt 0:00:02]} 14. Re1 {[%emt 0:00:57]} Nd7 {[%emt 0:00:23]} 15. Nc2 {[%emt 0:09:53]} Re8 {[%emt 0:04:30]} 16. Qe2 {[%emt 0:09:17]} a5 {[%emt 0:07:41]} 17. a4 {[%emt 0:05:27]} e5 {[%emt 0:11:11]} 18. dxe5 {[%emt 0:03:56]} fxe5 {[%emt 0:00:09]} 19. Rad1 {[%emt 0:07:18]} Nf4 {[%emt 0:04:18]} 20. Bxf4 {[%emt 0:05:20]} exf4 {[%emt 0:00:09]} 21. Qf1 {[%emt 0:00:08]} Rxe1 {[%emt 0:03:06]} 22. Rxe1 {[%emt 0:01:04]} Nb6 {[%emt 0:04:40]} 23. Ne5 {[%emt 0:01:50]} Qc7 {[%emt 0:00:44]} 24. Nxf7 {[%emt 0:01:42]} Qxf7 {[%emt 0:00:05]} 25. Nd4 {[%emt 0:00:57]} Bg7 {[%emt 0:02:44]} 26. Ne6 {[%emt 0:02:15]} f3 {[%emt 0:06:25]} 27. g3 {[%emt 0:03:11]} Bh6 {[%emt 0:05:43]} 28. Bc2 {[%emt 0:05:11]} Re8 {[%emt 0:01:39]} 29. Nd4 {[%emt 0:01:28]} Rxe1 {[%emt 0:02:16]} 30. Qxe1 {[%emt 0:00:31]} Bg7 {[%emt 0:00:07]} 31. Bb3 {[%emt 0:01:05]} Nd5 {[%emt 0:00:04]} 32. Nc2 {[%emt 0:00:15]} h5 {[%emt 0:05:31]} 33. Ne3 {[%emt 0:02:12]} Kh7 {[%emt 0:01:50]} 34. Nxd5 {[%emt 0:00:37]} cxd5 {[%emt 0:00:01]} 35. Qd1 {[%emt 0:00:12]} Qe7 {[%emt 0:01:15]} 36. Bxd5 {[%emt 0:03:58]} Qe2 {[%emt 0:00:22]} 37. Bxf3 {[%emt 0:00:15]} Qxb2 {[%emt 0:00:57]} 38. Be4 {[%emt 0:00:06]} Kh6 {[%emt 0:00:40]} 39. Qd6 {[%emt 0:00:34]} Qc1+ {[%emt 0:00:04]} 40. Kg2 {[%emt 0:00:05]} Qg5 {[%emt 0:00:02]} 41. c4 {[%emt 0:30:42]} Qf6 {[%emt 0:30:53]} 42. Qxf6 {[%emt 0:01:19]} Bxf6 {[%emt 0:00:02]} 43. Bxb7 {[%emt 0:00:09]} Bd4 {[%emt 0:00:01]} 44. h4 {[%emt 0:01:52]} Kg7 {[%emt 0:00:38]} 45. Be4 {[%emt 0:00:41]} Kf6 {[%emt 0:00:02]} 46. f4 {[%emt 0:01:10]} Bc5 {[%emt 0:00:05]} 47. Kf3 {[%emt 0:00:04]} Bb4 {[%emt 0:00:37]} 48. g4 {[%emt 0:01:04]} hxg4+ {[%emt 0:00:36]} 49. Kxg4 {[%emt 0:00:08]} Bd6 {[%emt 0:00:08]} 50. f5 {[%emt 0:00:18]} gxf5+ {[%emt 0:00:17]} 51. Bxf5 {[%emt 0:00:08]} Ke5 {[%emt 0:00:52]} 52. Bd7 {[%emt 0:01:01]} Bf8 {[%emt 0:01:05]} 53. h5 {[%emt 0:00:15]} Kd6 {[%emt 0:00:35]} 54. Bb5 {[%emt 0:00:18]} Ke5 {[%emt 0:00:03]} 55. Kg5 {[%emt 0:00:08] Kd5} 1-0

[Event "Teplice Open 2019"]
[Site "Teplice"]
[Date "2019.06.21"]
[Round "7.4"]
[White "Berkes, Ferenc"]
[Black "Demchenko, Anton"]
[Result "1/2-1/2"]
[WhiteElo "2675"]
[BlackElo "2671"]
[Annotator "TA"]
[PlyCount "49"]
[EventDate "2019.06.15"]
[EventType "swiss"]
[EventCountry "CZE"]
[SourceTitle "playchess.com"]
[Source "ChessBase"]
[SourceQuality "1"]

{[%evp 13,49,-5,18,23,34,23,33,30,33,25,25,25,25,25,22,25,33,15,15,15,15,15,15,15,24,15,15,15,26,15,15,0,24,0,17,0,28,0]} 1. d4 Nf6 2. Nf3 g6 3. g3 Bg7 4. Bg2 O-O 5. O-O d6 6. b3 a5 7. a4 Nc6 8. Bb2 {A49: 1 d4 Nf6 2 Nf3 g6 3 g3: Anti-King's Indian systems} Bf5 9. Nbd2 (9. Na3 Qc8 10. Re1 Be4 11. Qd2 Re8 12. Rad1 e5 13. dxe5 Nd7 14. Nc4 Ndxe5 15. Nfxe5 Bxg2 16. Nxf7 Bxb2 17. Nxb2 Kxf7 18. Kxg2 {0-1 (47) Kovalenko,I (2646)-Moussard,J (2579) Bastia 2018}) 9... d5 10. Rc1 $146 {White is slightly better.} ({Predecessor:} 10. h3 Re8 11. Nh4 {½-½ (11) Hug,W (2471)-Gallagher,J (2518) Switzerland 2013}) 10... Ne4 11. e3 Nxd2 12. Qxd2 Be4 13. Rfd1 e6 14. Qe2 Re8 15. Nd2 Bxg2 16. Kxg2 Ne7 17. Nf3 c6 18. c4 Qb6 19. Qc2 Nf5 20. Ba3 Rad8 21. Bc5 Qc7 22. Ba3 Qb6 23. Bc5 Qc7 24. Ba3 Qb6 25. Bc5 {Accuracy: White = 40%, Black = 83%.} 1/2-1/2